000 01160cad a22002055a 4500
001 L154945
008 120208s2011 xxk 000 0 eng d
035 _a(Sirsi) u154945
041 0 _aeng
110 2 _aGreat Britain
_bHealth and Safety Executive
245 0 0 _aConstruction
_bwork related injuries and ill health
_h[electronic resource]
260 _a[S.l.]
_bHSE
_c2011
505 _aSummary -- What is construction? -- Ill health -- THOR/LFS 4 -- Occupational cancer -- Injuries -- Fatal injuries -- Major injuries -- Over three day injuries -- Reported injuries to members of the public -- Labour Force Survey (LFS) injuries and days lost -- Industry profile
520 _aConstruction remains a high risk industry - although it accounts for only about 5% of the employees in Britain it still accounts for 27% of fatal injuries to employees and 9% of reported major injuries; statistical analysis.
590 _aKA NTK
651 4 _aGreat Britain
_y1707-
690 _aHealth and safety
_96244
856 4 8 _uhttps://www.hse.gov.uk/statistics/industry/construction/construction.pdf
_zView the report free of charge at www.www.hse.gov.uk
942 _n0
999 _c113252
_d113252